|
|
|
|
| LEADER |
01577nam a2200277 a 4500 |
| 001 |
GR-Patra25034 |
| 008 |
080404s2003 mau g 000 0 eng d |
| 020 |
|
|
|a 1591391822
|
| 040 |
|
|
|a GrPaTEI
|b gre
|c GR-PaULI
|
| 040 |
|
|
|a GrPaTEI
|b gre
|c GR-PaULI
|
| 082 |
|
0 |
|a 658.409
|2 22
|
| 100 |
1 |
|
|a Hill, Linda A.
|q (Linda Annette),
|d 1956-
|
| 245 |
1 |
0 |
|a Becoming a manager :
|b how new managers master the challenges of leadership /
|c Linda A. Hill.
|
| 260 |
|
|
|a Boston :
|b Harvard Business School,
|c 2003
|
| 300 |
|
|
|a xix, 420 σ.
|
| 500 |
|
|
|a Προπτυχιακά προγράμματα σπουδών ΤΕΙ Πάτρας: Μέτρο2.2, Ενέργεια 2.2.2 Κατηγορία Πράξεων 2.2.2.α. Υποέργο: 7 Προμήθεια εκπαιδευτικού υλικού ΕΠΕΑΕΚ ΙΙ - Γ ΚΠΣ
|
| 504 |
|
|
|a Includes bibligraphy: [p.387-410] and index
|
| 610 |
0 |
4 |
|a Προπτυχιακά προγράμματα σπουδών ΤΕΙ Πάτρας.
|b Μέτρο2.2, Ενέργεια 2.2.2 Κατηγορία Πράξεων 2.2.2.α. Υποέργο: 7 Προμήθεια εκπαιδευτικού υλικού ΕΠΕΑΕΚ ΙΙ Γ' ΚΠΣ
|
| 650 |
|
0 |
|a Career changes
|
| 650 |
|
0 |
|a Management
|
| 650 |
|
4 |
|a Διοίκηση και οργάνωση
|
| 710 |
0 |
|
|a Harvard Business School
|
| 942 |
|
|
|2 ddc
|
| 952 |
|
|
|0 0
|1 0
|2 ddc
|4 0
|6 658_409000000000000_HIL
|7 0
|9 306458
|a LISK
|b LISK
|c BSC
|d 2021-01-17
|e 24
|f 0
|g 0.00
|l 0
|o 658.409 HIL
|p 92410038642
|r 2021-01-17 00:00:00
|t 1
|w 2021-01-17
|y BK15
|x 20080404 0 1
|x GrPaTEI
|
| 971 |
|
|
|a .b26726063
|b 08-10-20
|c 26-09-16
|
| 999 |
|
|
|c 177084
|d 177084
|